ბათუმის შოთა რუსთაველის სახელმწიფო უნივერსიტეტის ბიბლიოთეკა

პირველადი გადაუდებელი დახმარება (ბიბ.ჩანაწერი № 51390)

000 -LEADER
fixed length control field 00961nam a2200217Ia 4500
001 - CONTROL NUMBER
control field 18375
003 - CONTROL NUMBER IDENTIFIER
control field GE_BSU
008 - FIXED-LENGTH DATA ELEMENTS--GENERAL INFORMATION
fixed length control field 181216s||||||||xx |||||||||||||| ||und||
040 ## - CATALOGING SOURCE
Transcribing agency GE_BSU
080 ## - UNIVERSAL DECIMAL CLASSIFICATION NUMBER
Universal Decimal Classification number 616-083.98
100 ## - MAIN ENTRY--PERSONAL NAME
Personal name კალაძე,კ. ჩიხლაძე,მ., ჭეიშვილი,ჯ., გომელაური,ნ.
245 ## - TITLE STATEMENT
Title პირველადი გადაუდებელი დახმარება
245 ## - TITLE STATEMENT
Remainder of title სახელმძღვანელო საშუალო სამედ. სასწავლებლებისათვის
245 ## - TITLE STATEMENT
Statement of responsibility, etc. შედგენილია გ.ზავრშვილის წიგნის მიხედვით
260 ## - PUBLICATION, DISTRIBUTION, ETC.
Place of publication, distribution, etc. თბილისი
260 ## - PUBLICATION, DISTRIBUTION, ETC.
Date of publication, distribution, etc. 2015
300 ## - PHYSICAL DESCRIPTION
Extent 60გვ. 30სმ.
653 ## - INDEX TERM--UNCONTROLLED
Uncontrolled term პირველადი გადაუდებელი დახმარება
942 ## - ADDED ENTRY ELEMENTS (KOHA)
Koha item type წიგნი
ეგზემპლარები
Withdrawn status Lost status Damaged status Not for loan Date acquired Barcode Date last seen Price effective from Koha item type
        2018-12-17 47088 2018-12-17 2018-12-17 წიგნი
        2018-12-17 47089 2018-12-17 2018-12-17 წიგნი
        2018-12-17 47090 2018-12-17 2018-12-17 წიგნი
        2018-12-17 47091 2018-12-17 2018-12-17 წიგნი
        2018-12-17 47092 2018-12-17 2018-12-17 წიგნი